Women`s Super League Teams 23/24 - Statistics

General Stats
  • This quiz has been taken 109 times
  • The average score is 11 of 12
Answer Stats
# Answer % Correct
1 Arsenal WFC
99%
3 Chelsea FC Women
98%
7 Manchester City WFC
98%
9 Manchester United WFC
98%
2 Aston Villa WFC
90%
10 West Ham United WFC
90%
5 Brighton & Hove Albion WFC
87%
6 Liverpool FC Women
86%
11 Tottenham Hotspur WFC
85%
4 Everton FC
76%
8 Bristol City
75%
12 Leicester City WFC
71%
No matching quizzes found
Score Distribution
Percent of People with Each Score
Percentile by Number Answered
Your Score History
You have not taken this quiz